[Event "5th Lost Boys op"]
[Site "Antwerp BEL"]
[Date "1997.08.03"]
[Round "2.1"]
[White "Hendriks, Willy"]
[Black "Vaganian, Rafael"]
[Result "1-0"]
[WhiteElo "2360"]
[BlackElo "2640"]
[EventDate "1997.08.02"]
[PlyCount "61"]

1.e4 e6 2.d4 d5 3.e5 c5 4.c3 Nc6 5.Nf3 Nh6 6.Bd3 cxd4 7.cxd4 Nf5 8.Be3 Be7
9.O-O Bd7 10.Nc3 Nxe3 11.fxe3 f5 12.exf6 Bxf6 13.Ne5 Ke7 14.Ng4 Nb4 15.Rc1
Bg5 16.Kh1 Be8 17.a3 Nxd3 18.Qxd3 Bg6 19.Qd2 Rf8 20.Nb5 Rxf1+ 21.Rxf1 a5 
22.Ne5 Qb6 23.a4 Rc8 24.b4 Ra8 25.Qc3 Be8 26.bxa5 Rxa5 27.Qb4+ Kd8 28.Nf7+
Bxf7 29.Rxf7 Qxb5 30.Qd6+ Ke8 31.Qf8# 1-0

[Event "5th Lost Boys op"]
[Site "Antwerp BEL"]
[Date "1997.08.03"]
[Round "2.21"]
[White "Wells, Peter"]
[Black "Boey, Josef Martin"]
[Result "1/2-1/2"]
[WhiteElo "2530"]
[BlackElo "2290"]
[EventDate "1997.08.02"]
[PlyCount "103"]

1.e4 e5 2.Nf3 Nc6 3.Bb5 f5 4.Nc3 fxe4 5.Nxe4 Nf6 6.Qe2 d5 7.Nxf6+ gxf6 8.
d4 Bg7 9.dxe5 O-O 10.Bxc6 bxc6 11.e6 Re8 12.O-O c5 13.Qb5 Bf8 14.Bf4 Bxe6 
15.Qc6 Rb8 16.b3 Bd6 17.Bg3 Qd7 18.Qa6 Bf5 19.Rac1 Qb5 20.Qxb5 Rxb5 21.
Rfd1 Ra5 22.Bxd6 cxd6 23.Rxd5 Be4 24.Rxd6 Rxa2 25.Rd2 Bxf3 26.gxf3 Re7 27.
Kf1 c4 28.bxc4 Ra4 29.Rd6 Rxc4 30.Rxf6 Rec7 31.Ra6 Rc3 32.Kg2 Rg7+ 33.Kh1 
Rxf3 34.Rg1 Rxf2 35.Rxg7+ Kxg7 36.Rxa7+ Kg6 37.Rc7 h5 38.Kg1 Rd2 39.c4 Kf5
40.c5 Kg4 41.Rg7+ Kf3 42.Rg3+ Ke4 43.Rc3 Rd7 44.Kg2 Rc7 45.Rc1 Kd5 46.Rd1+
Ke4 47.Rc1 Kd5 48.Kg3 Rxc5 49.Rxc5+ Kxc5 50.Kh4 Kd6 51.Kxh5 Ke7 52.Kg6 
1/2-1/2

[Event "5th Lost Boys op"]
[Site "Antwerp BEL"]
[Date "1997.08.03"]
[Round "2.22"]
[White "Ree, Hans"]
[Black "Van den Berg, Adrianus M. J."]
[Result "1-0"]
[WhiteElo "2435"]
[BlackElo "2245"]
[EventDate "1997.08.02"]
[PlyCount "57"]

1.c4 g6 2.d4 Bg7 3.e4 d6 4.Nc3 e5 5.d5 Nd7 6.Bd3 Nc5 7.Bc2 a5 8.Nge2 h5 9.
O-O Nh6 10.Rb1 Bd7 11.f3 O-O 12.b3 f5 13.exf5 gxf5 14.f4 e4 15.h3 Qe7 16.
a3 Be8 17.Nb5 Kh7 18.Be3 Rg8 19.Ned4 c6 20.Nc3 Bf6 21.Qd2 Bd7 22.b4 axb4 
23.axb4 Ra3 24.bxc5 Rxc3 25.Rxb7 Qg7 26.dxc6 Kh8 27.Rxd7 Qg3 28.Rxd6 Rg6 
29.c7 1-0

[Event "5th Lost Boys op"]
[Site "Antwerp BEL"]
[Date "1997.08.03"]
[Round "2.23"]
[White "Bosboom, Manuel"]
[Black "Daverkausen, Bernd"]
[Result "1-0"]
[WhiteElo "2430"]
[BlackElo "2245"]
[EventDate "1997.08.02"]
[PlyCount "47"]

1.d4 Nf6 2.c4 c5 3.d5 b5 4.cxb5 a6 5.Nc3 axb5 6.e4 b4 7.Nb5 d6 8.Bf4 g5 9.
Be3 Nxe4 10.Bd3 Nf6 11.Bxg5 Bg7 12.Ne2 Nbd7 13.Ng3 Nb6 14.O-O Nbxd5 15.Be4
Ra5 16.Bxd5 Nxd5 17.Qxd5 Rxb5 18.Rae1 Be5 19.f4 Bd4+ 20.Kh1 f6 21.Bh6 Bb7 
22.Qc4 Qd7 23.Bg7 d5 24.Qd3 1-0

[Event "5th Lost Boys op"]
[Site "Antwerp BEL"]
[Date "1997.08.03"]
[Round "2.32"]
[White "Van Hul, Chris"]
[Black "Barua, Dibyendu"]
[Result "0-1"]
[WhiteElo "2245"]
[BlackElo "2515"]
[EventDate "1997.08.02"]
[PlyCount "58"]

1.e4 e5 2.f4 exf4 3.Bc4 Ne7 4.Nc3 Ng6 5.Nf3 d6 6.d4 Be6 7.Bd3 Be7 8.O-O 
O-O 9.Ne2 c5 10.d5 Bg4 11.Nxf4 Nd7 12.Kh1 Bf6 13.c3 Be5 14.Nxg6 fxg6 15.
Be3 Bf4 16.Qd2 Bxe3 17.Qxe3 Bxf3 18.gxf3 g5 19.Rg1 Ne5 20.Rg3 Rf4 21.Be2 
Qf6 22.Rag1 h6 23.h3 Rf8 24.Kg2 h5 25.Kh2 g4 26.fxg4 h4 27.R3g2 Qg6 28.Re1
Rxe4 29.Bd3 Rxe3 0-1

[Event "5th Lost Boys op"]
[Site "Antwerp BEL"]
[Date "1997.08.03"]
[Round "2.33"]
[White "Barsov, Alexei"]
[Black "Bezemer, Arno"]
[Result "1/2-1/2"]
[WhiteElo "2445"]
[BlackElo "2240"]
[EventDate "1997.08.02"]
[PlyCount "35"]

1.d4 Nf6 2.c4 c5 3.d5 e6 4.Nc3 exd5 5.cxd5 d6 6.e4 g6 7.Nf3 Bg7 8.h3 O-O 
9.Bd3 b5 10.Nxb5 Re8 11.O-O Nxe4 12.Qa4 Bd7 13.Qb3 Qb6 14.Bf4 Na6 15.Nxd6 
Nxd6 16.Qxb6 axb6 17.Bxd6 Nb4 18.Bc4 1/2-1/2

[Event "5th Lost Boys op"]
[Site "Antwerp BEL"]
[Date "1997.08.03"]
[Round "2.34"]
[White "Gershon, Alik"]
[Black "Van Mechelen, Jan"]
[Result "1-0"]
[WhiteElo "2420"]
[BlackElo "2240"]
[EventDate "1997.08.02"]
[PlyCount "65"]

1.e4 c5 2.Nf3 d6 3.d4 cxd4 4.Nxd4 Nf6 5.Nc3 a6 6.f3 e5 7.Nb3 Be7 8.Be3 Be6
9.Qd2 O-O 10.g4 a5 11.Bb5 Ne8 12.O-O-O Nc7 13.a4 Nc6 14.Kb1 Qb8 15.Bb6 Rc8
16.Qf2 Nxb5 17.Nxb5 Ra6 18.Nc1 Nd4 19.Bxd4 exd4 20.b3 Bd7 21.Rxd4 Bf6 22.
Rd2 Rc5 23.Nd3 Bxb5 24.Nxc5 dxc5 25.axb5 Qe5 26.c3 Rb6 27.Qg3 Qe8 28.Qc7 
Rxb5 29.Kc2 g5 30.Rhd1 Qe6 31.c4 a4 32.Rd6 axb3+ 33.Kd3 1-0

[Event "5th Lost Boys op"]
[Site "Antwerp BEL"]
[Date "1997.08.03"]
[Round "2.35"]
[White "Van Houtte, Thierry"]
[Black "Grooten, Herman"]
[Result "0-1"]
[WhiteElo "2235"]
[BlackElo "2390"]
[EventDate "1997.08.02"]
[PlyCount "174"]

1.e4 c5 2.c3 b6 3.d4 Bb7 4.Bd3 Nf6 5.Qe2 cxd4 6.cxd4 Nc6 7.Nf3 Nb4 8.Nc3 
Nxd3+ 9.Qxd3 e6 10.O-O Bb4 11.e5 Nd5 12.Ne4 f5 13.Ng3 Be7 14.a3 a5 15.Re1 
O-O 16.Ne2 g5 17.Nd2 Qc7 18.Nb1 Qc6 19.f3 Ba6 20.Qd1 Bxe2 21.Qxe2 Rfc8 22.
Bd2 Qa4 23.Nc3 Qxd4+ 24.Kh1 Nxc3 25.Bxc3 Qc4 26.Rad1 Qxe2 27.Rxe2 Ra7 28.
Bd4 Rb7 29.g4 Kf7 30.Rd3 a4 31.Red2 Rc4 32.b3 axb3 33.Rxb3 b5 34.h3 Ra4 
35.Rdd3 Ke8 36.Kg2 f4 37.Kf1 Rc4 38.Ke2 Bc5 39.Rdc3 Rc7 40.Rxc4 bxc4 41.
Rb8+ Kf7 42.Bb2 Ba7 43.Ra8 c3 44.Bxc3 Rxc3 45.Rxa7 Ke7 46.Ra5 Kd8 47.a4 
Kc7 48.Ra7+ Kc6 49.Ra6+ Kb7 50.Ra5 Kb6 51.Rb5+ Kc6 52.Kf2 Rc2+ 53.Kf1 Rc4 
54.Ra5 Kb6 55.Ra8 Rc5 56.Rh8 Rxe5 57.Rxh7 d5 58.h4 gxh4 59.Rxh4 Re3 60.Kf2
Ra3 61.g5 Ra2+ 62.Kf1 Rxa4 63.g6 Ra8 64.Rxf4 Kc5 65.Ke2 Kd6 66.Rg4 Ke5 67.
Ke3 Kf6 68.f4 Rg8 69.Kd4 Kf5 70.Rg1 Rg7 71.Rg2 Kxf4 72.Rf2+ Kg5 73.Rg2+ 
Kf5 74.Rf2+ Kg5 75.Rg2+ Kf6 76.Rf2+ Ke7 77.Rg2 Kd6 78.Rg5 Rg8 79.g7 Ke7 
80.Ke5 Kf7 81.Kd6 Rxg7 82.Re5 Rg6 83.Re1 Rf6 84.Rg1 Rf4 85.Re1 Re4 86.Rf1+
Kg6 87.Rf2 Kg5 0-1

[Event "5th Lost Boys op"]
[Site "Antwerp BEL"]
[Date "1997.08.05"]
[Round "4.21"]
[White "Grooten, Herman"]
[Black "De Waal, Mark"]
[Result "0-1"]
[WhiteElo "2390"]
[BlackElo "2255"]
[EventDate "1997.08.02"]
[PlyCount "96"]

1.d4 Nf6 2.c4 e6 3.Nf3 c5 4.d5 b5 5.Bg5 exd5 6.cxd5 h6 7.Bh4 d6 8.e4 a6 9.
Bd3 Bg4 10.O-O Be7 11.a4 b4 12.Bg3 c4 13.Bxc4 Nxe4 14.Bf4 O-O 15.Re1 Nc5 
16.b3 Bg5 17.Bxg5 hxg5 18.Nbd2 Nbd7 19.h3 Bh5 20.Re3 Qf6 21.g4 Bg6 22.Qe1 
a5 23.Rc1 Nb6 24.Qe2 Rac8 25.Rf1 Qf4 26.Rc1 Qf6 27.Qd1 Qf4 28.Qf1 Qf6 29.
Kg2 Qf4 30.Kh1 Qf6 31.Ng1 Qb2 32.Ndf3 Be4 33.Kh2 Bxd5 34.Nxg5 Qf6 35.f4 
Rfe8 36.Rce1 Rxe3 37.Rxe3 Bxc4 38.bxc4 b3 39.Kg3 b2 40.N1f3 Nxc4 41.Re2 
Rb8 42.Qe1 Ne6 43.Rxe6 fxe6 44.Qb1 Qh6 45.f5 Na3 46.Qd3 b1=Q 47.Qxd6 Qb4 
48.Qd7 Qb7 0-1

[Event "5th Lost Boys op"]
[Site "Antwerp BEL"]
[Date "1997.08.07"]
[Round "6.17"]
[White "Craps, Ben"]
[Black "Hendriks, Willy"]
[Result "0-1"]
[WhiteElo "2185"]
[BlackElo "2360"]
[EventDate "1997.08.02"]
[PlyCount "100"]

1.d4 g6 2.e4 Bg7 3.Nf3 d6 4.Bc4 c6 5.Qe2 Nf6 6.O-O O-O 7.e5 Nd5 8.Re1 Bf5 
9.c3 Nd7 10.Nbd2 dxe5 11.Bxd5 cxd5 12.Nxe5 Nxe5 13.dxe5 d4 14.cxd4 Qxd4 
15.Nf3 Qd5 16.Rd1 Qe4 17.Qb5 a6 18.Qa5 Bg4 19.Rd4 Qf5 20.Rf4 Qh5 21.Bd2 
Bxf3 22.Rxf3 Qxe5 23.Re1 Qxa5 24.Bxa5 Bf6 25.Bc3 Bxc3 26.Rxc3 e6 27.Kf1 
Rac8 28.Rec1 Rxc3 29.Rxc3 f6 30.Rb3 Rf7 31.Rb6 Re7 32.Ke2 Kf7 33.Ke3 Ke8 
34.a4 Kf7 35.h4 h5 36.f4 Rc7 37.a5 Re7 38.g3 e5 39.fxe5 Rxe5+ 40.Kf4 Rb5 
41.Rxb5 axb5 42.Ke4 Ke6 43.b3 g5 44.Kd4 gxh4 45.gxh4 f5 46.Kc5 f4 47.Kb6 
f3 48.Kxb7 f2 49.a6 f1=Q 50.a7 b4 0-1